000 00253nam a2200097Ia 4500
005 20251222114412.0
008 251222s1900||||xx |||||||||||||| ||spa||
082 _aDVD0050/S78/BR/T.1
245 0 _aStar Wars:Star wars: episodio I,II,III,IV,V,VI
942 _cDVD
999 _c2089
_d2089